<?xml version="1.0" encoding="UTF-8"?>
<record
    xmlns:xsi="http://www.w3.org/2001/XMLSchema-instance"
    xsi:schemaLocation="http://www.loc.gov/MARC21/slim http://www.loc.gov/standards/marcxml/schema/MARC21slim.xsd"
    xmlns="http://www.loc.gov/MARC21/slim">

  <leader>00678    a2200145   4500</leader>
  <datafield tag="020" ind1=" " ind2=" ">
    <subfield code="a">8423325296</subfield>
  </datafield>
  <datafield tag="082" ind1=" " ind2=" ">
    <subfield code="a">709.729.1</subfield>
    <subfield code="b">C397i</subfield>
  </datafield>
  <datafield tag="110" ind1=" " ind2=" ">
    <subfield code="a">Centre de Cultura Contemporania de Barcelona</subfield>
    <subfield code="9">450</subfield>
  </datafield>
  <datafield tag="245" ind1=" " ind2=" ">
    <subfield code="a">Cuba:</subfield>
    <subfield code="b">La Isla Posible...</subfield>
  </datafield>
  <datafield tag="260" ind1=" " ind2=" ">
    <subfield code="a">Barcelona</subfield>
    <subfield code="b">Ediciones Destino</subfield>
    <subfield code="c">1995</subfield>
  </datafield>
  <datafield tag="300" ind1=" " ind2=" ">
    <subfield code="a">271 p.</subfield>
    <subfield code="b">color</subfield>
    <subfield code="c">21.5 cm</subfield>
  </datafield>
  <datafield tag="505" ind1=" " ind2=" ">
    <subfield code="t">Lo posible y lo imposible La leccion de Miami La isla posible</subfield>
    <subfield code="t">Nacion, Identidad y Diferencia</subfield>
    <subfield code="t">Las Inscripciones de la Experiencia</subfield>
    <subfield code="t">Modernos, Posmodernos y Perifericos</subfield>
    <subfield code="t">Ver, Oir, Creer: Arte y Cultura Popular</subfield>
    <subfield code="t">Exposicion</subfield>
    <subfield code="t">Espectaculos y Cine</subfield>
  </datafield>
  <datafield tag="650" ind1=" " ind2=" ">
    <subfield code="x">arte moderno- S. XX</subfield>
    <subfield code="x">cuba</subfield>
    <subfield code="9">451</subfield>
  </datafield>
  <datafield tag="710" ind1=" " ind2=" ">
    <subfield code="a">Centre de Cultura Contemporania de Barcelona</subfield>
    <subfield code="9">452</subfield>
  </datafield>
  <datafield tag="999" ind1=" " ind2=" ">
    <subfield code="c">87</subfield>
    <subfield code="d">87</subfield>
  </datafield>
  <datafield tag="952" ind1=" " ind2=" ">
    <subfield code="0">0</subfield>
    <subfield code="1">0</subfield>
    <subfield code="2">ddc</subfield>
    <subfield code="4">0</subfield>
    <subfield code="7">0</subfield>
    <subfield code="a">LV</subfield>
    <subfield code="b">LV</subfield>
    <subfield code="c">Pensamiento</subfield>
    <subfield code="d">2014-04-28</subfield>
    <subfield code="l">0</subfield>
    <subfield code="o">709.729.1 C397i</subfield>
    <subfield code="p">000082</subfield>
    <subfield code="r">2014-04-28 00:00:00</subfield>
    <subfield code="w">2014-04-28</subfield>
    <subfield code="y">01</subfield>
  </datafield>
</record>
